International marketing / (Record no. 2123)

000 -LEADER
fixed length control field 00952pam a2200289 a 4500
001 - CONTROL NUMBER
control field 614951
003 - CONTROL NUMBER IDENTIFIER
control field OSt
005 - DATE AND TIME OF LATEST TRANSACTION
control field 20160613091006.0
008 - FIXED-LENGTH DATA ELEMENTS--GENERAL INFORMATION
fixed length control field 920430s1993 iluab b 001 0 eng
010 ## - LIBRARY OF CONGRESS CONTROL NUMBER
LC control number 92016448
020 ## - INTERNATIONAL STANDARD BOOK NUMBER
International Standard Book Number 9780256128741
040 ## - CATALOGING SOURCE
Original cataloging agency DLC
Transcribing agency DLC
Modifying agency DLC
050 00 - LIBRARY OF CONGRESS CALL NUMBER
Classification number HF1009.5.C35 1993
082 00 - DEWEY DECIMAL CLASSIFICATION NUMBER
Classification number 658.8/48
Edition number 20
100 1# - MAIN ENTRY--PERSONAL NAME
Personal name Cateora, Philip R.
245 10 - TITLE STATEMENT
Title International marketing /
Statement of responsibility, etc Philip R. Cateora.
250 ## - EDITION STATEMENT
Edition statement 8th ed.
260 ## - PUBLICATION, DISTRIBUTION, ETC. (IMPRINT)
Place of publication, distribution, etc Homewood, IL :
Name of publisher, distributor, etc Irwin,
Date of publication, distribution, etc c1993.
300 ## - PHYSICAL DESCRIPTION
Extent xxiv, 776 p. :
Other physical details ill. (some col.), maps ;
Dimensions 24 cm.
440 #4 - SERIES STATEMENT/ADDED ENTRY--TITLE
Title The Irwin series in marketing
504 ## - BIBLIOGRAPHY, ETC. NOTE
Bibliography, etc Includes bibliographical references and indexes.
650 #0 - SUBJECT ADDED ENTRY--TOPICAL TERM
Topical term or geographic name as entry element Export marketing.
650 #0 - SUBJECT ADDED ENTRY--TOPICAL TERM
Topical term or geographic name as entry element International business enterprises.
906 ## - LOCAL DATA ELEMENT F, LDF (RLIN)
a 7
b cbc
c orignew
d 1
e ocip
f 19
g y-gencatlg
942 ## - ADDED ENTRY ELEMENTS (KOHA)
Source of classification or shelving scheme
Koha item type Book
Holdings
Withdrawn status Lost status Source of classification or shelving scheme Damaged status Not for loan Home library Current library Shelving location Date acquired Total Checkouts Full call number Barcode Date last seen Copy number Price effective from Koha item type
          Riara University Library Riara University Library General stack 13/06/2016   HF1009.5.C35 1993 5899/15 13/06/2016 C.1 13/06/2016 Book

Riara University Library,
P.O. Box 49940-00100,
Nairobi, Kenya.